Analysis of the Number of People Employed in Research and Development in the Countries of the European Union in the Period 2011 – 2020

Zisťovanie, ako je na tom zamestnanosť vo výskume a vývoji v krajinách EÚ a aké zmeny nastali medzi rokmi 2011 a 2020.

Gespeichert in:
Bibliographische Detailangaben
1. Verfasser: Hurbánková, Ľubica, 1980-
Format: Buchkapitel
Sprache:Englisch
Schlagworte:
Tags: Tag hinzufügen
Keine Tags, Fügen Sie das erste Tag hinzu!

MARC

LEADER 00000naa$a2200000$$$4500
001 0299037
005 20240502084010.1
041 0 |a eng 
044 |a SI 
245 1 0 |a Analysis of the Number of People Employed in Research and Development in the Countries of the European Union in the Period 2011 – 2020  |c Ľubica Hurbánková 
520 |a Zisťovanie, ako je na tom zamestnanosť vo výskume a vývoji v krajinách EÚ a aké zmeny nastali medzi rokmi 2011 a 2020. 
610 2 0 |a počet pracovníkov 
610 2 0 |a zamestnanci 
610 2 0 |a výskum 
610 2 0 |a vývoj 
610 2 0 |a Európska únia 
610 2 0 |a metódy 
610 2 0 |a štruktúra síl pracovných 
100 1 |a Hurbánková, Ľubica, 1980-